[Event "Gibraltar Masters 16th"]
[Site "Caleta"]
[Date "2018.01.28"]
[Round "6"]
[White "Nakamura, Hikaru"]
[Black "Howell, David"]
[Result "1/2-1/2"]
[WhiteElo "2781"]
[BlackElo "2682"]
[Annotator "Szabo,Kr"]
[PlyCount "64"]
[EventDate "2018.01.23"]
[EventType "swiss"]
[EventRounds "10"]
[EventCountry "GGB"]
[SourceTitle "CBM 183"]
[Source "ChessBase"]
[SourceDate "2018.03.14"]
[SourceVersion "1"]
[SourceVersionDate "2018.03.14"]
[SourceQuality "1"]

1. e4 e5 2. Nf3 Nc6 3. d4 exd4 4. Nxd4 Qf6 5. Nb3 Qg6 6. Qe2 (6. f3 {is a more
popular continuation.}) 6... Nf6 7. f3 ({White doesn't hurry with} 7. Nc3 $6 {
, because} Bb4 $15 {and the pin is unpleasant for him.}) 7... a5 8. Be3 $146 {
The first new move in the game by Nakamura.} (8. a4 Bb4+ 9. c3 Be7 {
(Quirhuayo-Dos Santos, Buenos Aires 2015)} 10. e5 Nd5 11. Qe4 Qxe4+ 12. fxe4
Nb6 13. Bf4 {and White's pawn structure is bad, however he has some activity.})
8... d5 $1 {The best reply! Black immediately plays actively in the centre and
he isn't afraid of the X-ray effect of the e2-queen.} 9. Nc3 ({In the event of
} 9. exd5 Nxd5 $36 {looks dangerous for Black, but White doesn't have a good
check with the bishop.}) (9. e5 Nd7 ({but not} 9... Nxe5 $2 10. Bd4 $16 {
and Black loses a piece}) 10. f4 a4 11. Nd4 Nxd4 12. Bxd4 c6 $132 {with a
complicated middlegame.}) 9... dxe4 10. O-O-O {An ambitious move, White
continues the development and he is threatening with the Nb5.} ({Nevertheless} 
10. Nb5 $1 {was more accurate,} Bd6 11. O-O-O O-O $13 {with a complicated
position.}) 10... Be7 {Of course Black also continues the development.} 11. Nb5
O-O 12. Nxc7 Rb8 13. Qb5 {A tempting reaction. The queen stops ...b5, however
this is not the best square for it.} (13. Kb1 {would be more solid, but} Bf5
$36 {is also unpleasant for White.}) 13... Bd7 $6 {A natural reply, but it
wasn't the best.} (13... Rd8 $1 {was correct and suddenly White is in trouble,
for example:} 14. Rxd8+ Bxd8 15. Nd5 Nxd5 16. Qxd5 exf3 17. gxf3 (17. Qxf3 Nb4
$19 {and Black is winning.}) 17... Qxc2+ $1 {A smart solution!} 18. Kxc2 Nb4+
$17 {and Black will be a healthy pawn up in the endgame.}) 14. Nc5 Nd4 15. Qb6
$6 {A dubious move, because White should protect the important c2-square.} ({
White should have played} 15. Qc4 Nf5 ({or} 15... Bxc5 16. Qxc5 {transposing
to the game.}) 16. Bf4 Bc6 $132 {with a double-edged fight.}) 15... Bxc5 $6 {
Error in reply!} (15... Nxc2 $1 {was the tactical blow,} 16. Nxd7 ({or} 16.
Kxc2 exf3+ 17. Bd3 Bf5 18. gxf3 Rfd8 $17 {and White is in trouble.}) 16... Nxe3
17. Qxe3 Nxd7 18. Qxe4 Qxe4 19. fxe4 Nc5 $15 {and Black looks nicely placed.})
16. Qxc5 Ne6 17. Nxe6 Bxe6 18. Qg5 $1 {A good move, White simplifies the
position. Now Black has to be careful, otherwise with the bishop pair White
can play for the advantage.} exf3 19. gxf3 Rfc8 20. Qxg6 (20. Bd3 {was the
alternative,} Qxg5 21. Bxg5 Bxa2 22. Rhg1 $44 {with compensation for the pawn.}
({But not} 22. b3 $2 {, because of} Bxb3 $17)) 20... hxg6 21. a3 b5 22. Bd4 b4
23. axb4 axb4 24. Bd3 Nd7 (24... Ra8 $5 {was the other logical option.}) 25.
Rhe1 Rc6 $6 {Black would like to activate his R, but probably this was not the
best moment for it.} ({The engine suggests} 25... g5 {to gain some space and
play move by move on the kingside.}) 26. Be4 Ra6 27. b3 Nf6 28. Be5 Re8 29. Bd3
Ra5 30. Kb2 Nd5 31. Bc4 Rea8 32. Bxd5 $6 {This is a surprise for me to give up
the bishop pair with White and play an opposite-coloured bishop endgame.} ({
I think after} 32. Ra1 $1 {White has a slight edge, for example:} Ra3 (32...
Rxa1 33. Rxa1 Rxa1 34. Kxa1 $14) 33. Bd6 $1 $14 {and Black's position is not
easy.}) 32... Bxd5 {And the draw was agreed!} 1/2-1/2

[Event "Thessaloniki FIDE GP"]
[Site "Thessaloniki"]
[Date "2013.05.28"]
[Round "6"]
[White "Caruana, Fabiano"]
[Black "Bacrot, Etienne"]
[Result "1-0"]
[WhiteElo "2774"]
[BlackElo "2725"]
[Annotator "Szabo,Kr"]
[PlyCount "81"]
[EventDate "2013.05.22"]
[EventType "tourn"]
[EventRounds "11"]
[EventCountry "GRE"]
[EventCategory "21"]
[SourceTitle "CBM 155"]
[Source "ChessBase"]
[SourceDate "2013.07.16"]
[SourceVersion "1"]
[SourceVersionDate "2013.07.16"]
[SourceQuality "1"]

1. e4 e5 2. Nf3 Nc6 3. d4 exd4 4. Nxd4 Nf6 5. Nxc6 bxc6 6. e5 Qe7 7. Qe2 Nd5 8.
c4 Nb6 ({Still} 8... Ba6 {is more common, but nowadays the text move is
becoming more popular.}) 9. Nc3 Qe6 10. Qe4 Bb4 (10... d5) (10... Ba6) ({or} 
10... g6 {are the lines usually played.}) 11. Bd2 Ba6 12. b3 Bxc3 13. Bxc3 d5
14. Qh4 dxc4 15. Rc1 {The new variation.} ({Before} 15. Be2 {was the main line,
for example in 2000 Kasparov himself played this move against Timman} Nd5 16.
Bxc4 g5 17. Qd4 Bxc4 18. Qxc4 Nf4 19. Qxe6+ Nxe6 20. O-O-O Ke7 21. Rhe1 $14 {
with a very comfortable endgame. Later White managed to win, Kasparov-Timman,
Wijk aan Zee 2000.}) 15... Qg6 (15... O-O {was also tried. For example:} 16.
Be2 Nd5 17. Ba1 Nb4 18. bxc4 Rad8 19. O-O Nd3 20. Rc3 Nxe5 21. Re3 Ng6 22. Qg5
Qd7 23. h4 f6 24. Qa5 $36 {with a strong initiative, Radjabov-Karjakin, Dos
Hermanas 2005.}) 16. g3 $146 {The first novelty in the game. A logical one, as
White protects his g-pawn, the engine also suggest this one.} (16. Bb4 {
Karjakin played this line enthusiastically with Black, but one month ago he
himself played this move with White.} f6 17. Qh3 Qe4+ (17... Bc8 18. Qf3 (18.
Qg3 Nd5 19. Qxg6+ hxg6 20. Bd2 cxb3 21. axb3 Rb8 22. exf6 gxf6 23. Bc4 Be6 24.
O-O Kf7 25. Ra1 Rb7 26. Rfe1 Re8 27. h4 $44 {Wang Hao-Karjakin, Al Ain 2008})
18... Nd5 19. Rxc4 Qb1+ 20. Qd1 Qxd1+ 21. Kxd1 Ba6 22. Re4 $5 {was an
interesting move} (22. Rg4 Bxf1 23. Rxf1 {(Carlsen-Karjakin, Moscow blitz 2010)
} h5 24. Rc4 Nxb4 25. Rxb4 O-O-O+ 26. Kc2 fxe5 27. Ra4 Kb7 28. Rb4+ $11) 22...
f5 (22... Bxf1 23. exf6+ $14) 23. Rd4 Bxf1 24. Rxf1 Kf7 25. Bd2 $14 {and White
is slightly better.}) 18. Be2 Kf7 19. Qe3 Qxe3 20. fxe3 Rhe8 21. exf6 Rxe3 22.
fxg7 Kxg7 23. Kf2 Rxe2+ $1 24. Kxe2 cxb3+ 25. Kf2 bxa2 26. Rxc6 Nd5 27. Bc3+
Nxc3 28. Rxc3 Bc8 29. Rxc7+ Kh8 30. Re1 Be6 $1 $44 {Karjakin-Kasimdzhanov, Zug
2013. Black has enough compensation.}) 16... O-O (16... c5 {was an interesting
alternative} 17. Be2 Bb7 18. O-O cxb3 19. axb3 O-O {Black is a P up, but White
has nice compensation thanks to his ^^ and the flexible P structure.}) 17. Be2
Rad8 18. O-O c5 19. Rfe1 $5 {A very deep move. White wants to push e6 at a
good moment.} (19. bxc4 {was also possible} Qe6 20. Bg4 Qg6 (20... Qxc4 $2 {
doesn't work, as} 21. e6 $1 $18 {and White wins.}) 21. f4 Rd3 22. e6 (22. f5 $2
{is a mistake, because} Qc6 {White hasn't got Bf3 and Black continues with Bb7.
}) 22... fxe6 23. Rfe1 Bxc4 24. Ba1 $44 {with a very interesting double-edged
fight. White has good compensation for two P.}) 19... Bb7 20. Bg4 ({In case of
} 20. bxc4 Na4 $1 21. Ba1 Rd2 $132 {with some counterplay.}) 20... Qc6 $6 {
Black removes his Q from the important K side. After this move, the Black K
will be weak and White can attack it more easily.} ({The natural} 20... Bd5 {
was the best. Black defends his c4 P and he prepares for Be6.}) 21. f3 Bc8 {
A logical move, but it doesn't prevent White's strong answer.} (21... h6 22. e6
$1 $36) 22. e6 $1 {A very strong P sacrifice. Caruana opens the long diagonal
for his B and he can create a very dangerous attack against the opposing K.}
fxe6 23. Qe7 (23. Qg5 {was also strong} e5 24. Rxe5 Qf6 25. Rxc5 Qxg5 26. Rxg5
g6 27. bxc4 Bxg4 28. fxg4 $16 {and White has a promising endgame.}) 23... e5
24. Bxe5 Qh6 25. Bxc8 Rxc8 26. f4 cxb3 27. axb3 Nd5 ({After} 27... c4 28. bxc4
Rf7 29. Qc5 {is also comfortable for White.}) 28. Qxc5 Qb6 29. Bd4 Qxc5 30.
Bxc5 Rfe8 {White has an indisputable advantage, but if Black exchanges a7 and
c7 P for b3, Black has some drawing chances.} 31. Bxa7 ({In the event of} 31.
Rxe8+ Rxe8 32. Bxa7 Ra8 33. Bd4 (33. Ra1 {transposes to the game}) 33... Rb8
34. Rc5 c6 35. Rxc6 Rxb3 {+/=/= Black could exchange the Q side's P.}) 31...
Rxe1+ 32. Rxe1 Ra8 33. Ra1 $1 {A little bit strange, but a strong move.
Otherwise Black can exchange the P on the Q side.} (33. Bd4 Rb8 34. Rb1 Kf7 {
+/=/= and maybe Black can escape.}) 33... c5 ({After} 33... Nb6 34. Kf2 Kf7 (
34... Nc8 35. Bd4 Rb8 36. Rc1 $1 $16 {now the position changed, because the
Black N is very passive and White's pieces dominate the board.}) 35. Ra5 Nc8
36. Rf5+ {and White continues the torture.}) 34. Ra5 {Threatens Rxc5.} Nf6 35.
Kf1 c4 $6 {After this Black loses more quickly, but his position was already
bad.} (35... Kf7 36. Ke2 Nd7 37. Kd3 {also looks hopeless for Black.}) 36. b4 (
36. bxc4 $18 {was also winning.}) 36... Nd5 37. Rxd5 {Caruana simplifies to a
winning rook engame.} Rxa7 38. Ke2 Ra2+ 39. Rd2 Ra1 40. Rc2 Rh1 41. Ke3 {
A nice win by Caruana!} 1-0

[Event "Valle d'Aosta op 8th"]
[Site "Saint Vincent"]
[Date "2000.02.18"]
[Round "7"]
[White "Tiviakov, Sergei"]
[Black "Romanishin, Oleg M"]
[Result "1/2-1/2"]
[WhiteElo "2567"]
[BlackElo "2578"]
[Annotator "Tiviakov,S"]
[PlyCount "67"]
[EventDate "2000.02.12"]
[EventType "tourn"]
[EventRounds "9"]
[EventCountry "ITA"]
[SourceTitle "CBM 074 Extra"]
[Source "ChessBase"]
[SourceDate "2000.03.10"]
[SourceVersion "2"]
[SourceVersionDate "2000.03.10"]
[SourceQuality "1"]

{[%mdl 8]} 1. e4 e5 2. Nf3 Nc6 3. d4 exd4 4. Nxd4 Bc5 5. Nxc6 Qf6 6. Qd2 dxc6
7. Nc3 Ne7 8. Qf4 Qe6 9. Bd3 O-O 10. O-O Ng6 11. Qg5 Qe5 12. Qxe5 Nxe5 13. Be2
a5 $1 $146 {[/^g1-a7; /\a4, b5 |^<<]} (13... Bg4 $2 14. Bxg4 Nxg4 15. h3 Nf6
16. Re1 $14 {Nisipeanu,L-Khalifman,A/Las Vegas 1999/Inf 76/305}) (13... Be6 $6
14. Na4 Be7 15. f4 $14) (13... b5 $5) 14. Bf4 f6 15. a4 Be6 16. Rfd1 (16. Rad1
$6 Rae8 17. Nb1 (17. Bg3 $5) 17... Bf7 18. Nd2 Re7 19. Bxe5 Rxe5 $15 {^^ De la
Villa Garcia,J-Illescas Cordoba,M/Pamplona 1999/2000}) 16... Rae8 (16... Rad8
17. Rxd8 Rxd8 18. Rd1 $14) 17. Bg3 Bc4 (17... Nc4 $2 18. Bxc4 Bxc4 19. Bxc7 $16
) 18. Kf1 Bf7 $5 (18... Bxe2+ 19. Nxe2 f5 20. exf5 (20. Bxe5 {- 18...f5 19.Be5
Be2 20.Ne2}) 20... Rxf5 21. Nd4 Rff8 22. b3 $14) (18... f5 19. Bxe5 Bxe2+ 20.
Nxe2 (20. Kxe2 $6 Rxe5 21. f4 Re6 22. e5 (22. Kf3 g5 $1) 22... g5 23. g3 Rh6
$15 {|^}) 20... Rxe5 21. exf5 Rexf5 22. f3 Bd6 23. h3 Rc5 $11) 19. b3 h5 20. f3
Bb4 $6 (20... Bd6 $142 $11 {/\g5, h4, |^>>}) 21. Na2 Bd6 22. Nc1 g5 23. Nd3 Ng6
$1 (23... h4 24. Bxe5 $14 (24. Nxe5 $6 hxg3 25. Nd7 gxh2 26. Kf2 Rd8 $5 (26...
f5 $5) 27. Rxd6 $8 (27. Nxf8 $2 Bc5+ 28. Kg3 Rxd1 29. Rxd1 Bg1 $19) (27. Nxf6+
Kg7 28. Ng4 Be6 $17) 27... cxd6 28. Nxf8 Kxf8 29. Rh1 $11)) 24. Kf2 (24. Rd2 $5
{/\Rad1}) 24... Re7 25. Bf1 (25. Rd2 $5) 25... h4 26. Bxd6 cxd6 27. Nb2 (27.
Rd2 d5 $11) 27... d5 28. exd5 cxd5 $1 (28... Bxd5 29. Nc4 $14) 29. c4 Rc8 $1 (
29... dxc4 30. Nxc4 $14) 30. Rd4 (30. Rd2 Ne5 $1 $15 31. cxd5 $140 Bxd5 32.
Rxd5 Rc2+ 33. Kg1 Rxb2 34. Rxa5 h3 {->>>}) 30... Ne5 31. Rad1 dxc4 (31... Nc6
32. R4d2 d4 33. Bd3 $11) 32. Nxc4 Nxc4 33. Bxc4 Bxc4 34. Rxc4 1/2-1/2

[Event "Valle d'Aosta op 8th"]
[Site "Saint Vincent"]
[Date "2000.02.15"]
[Round "4"]
[White "Tiviakov, Sergei"]
[Black "Godena, Michele"]
[Result "1-0"]
[WhiteElo "2567"]
[BlackElo "2487"]
[Annotator "Tiviakov,S"]
[PlyCount "79"]
[EventDate "2000.02.12"]
[EventType "tourn"]
[EventRounds "9"]
[EventCountry "ITA"]
[SourceTitle "CBM 074 Extra"]
[Source "ChessBase"]
[SourceDate "2000.03.10"]
[SourceVersion "2"]
[SourceVersionDate "2000.03.10"]
[SourceQuality "1"]

{[%mdl 8]} 1. e4 e5 2. Nf3 Nc6 3. d4 exd4 4. Nxd4 Bb4+ 5. c3 Be7 6. Nxc6 bxc6
7. Bc4 d6 $5 (7... Nf6 {- 62/(339)}) 8. Qb3 (8. Qh5 d5 9. exd5 Nf6 10. Qe2 cxd5
11. Bb5+ Bd7 $11 {Noomen,J-Simmeling,J/corr NBC 1994}) 8... Nf6 $8 9. Bxf7+ Kf8
10. e5 (10. Be6 $5 Nxe4 11. Bxc8 Qxc8 (11... Nc5 $5) 12. O-O (12. Qc4 $2 Nc5
13. O-O Qe6 14. Qxe6 Nxe6 15. Be3 Kf7 $15 {Malinarski,Y-Rausis,I/Gausdal 1997})
12... d5 13. Nd2 Nc5 (13... Nxd2 14. Bxd2 Qd7 15. Rae1 Kf7 16. Qc2 c5 17. Re3
$36 {Dusper,H-Dutina,D/Pula 1997}) 14. Qc2 g6 15. Re1 $146 (15. b4 Ne6 16. Bb2
Kg7 17. c4+ d4 18. Qe4 $36 {Grosar,A-Sermek,D/Portoroz 1993}) 15... Bf6 16. b4
Ne6 17. Nf3 $36 {Gysi,A-Simmelink,J/ICCF EM/TT/D/01 1997}) (10. Nd2 d5 {(ץf7)}
11. e5 Kxf7 12. exf6 Bxf6 $11) 10... Ng4 $1 (10... dxe5 11. Bc4 (11. O-O $5)
11... Bc5 12. Nd2 $16 {Filipowicz,A-Sznapik,A/Gdynia 1973}) (10... Nd7 11. exd6
$1 (11. e6 Nc5) (11. Bh5 Nxe5 {- 10...Ng4 11.Bh5 Ne5}) 11... Nc5 12. Qc2 $16
Kxf7 $140 13. dxe7 Qxe7+ 14. Be3) 11. Bh5 (11. e6 Ne5 12. O-O Nxf7 13. exf7 d5
$11 {^^}) (11. exd6 Bxd6 $44 {|^}) 11... Nxe5 12. O-O (12. Bf4 $5 Nd3+ 13. Kd2
Ne5 $1 $13 (13... g6 $6 14. Bh6+ (14. Kxd3 $2 gxh5 (14... Bf5+ 15. Ke2 Rb8 $13)
15. Bh6+ Ke8 $13 {^^ Pavasovic,D-Sermek,D/SLO-ch 1993}) 14... Ke8 15. Bf3 $16
Ne5 $140 16. Bg7 Nxf3+ 17. gxf3 {צh8}) (13... d5 $2 14. Kxd3 Rb8 15. Qa4 Bf5+
16. Ke2 Rxb2+ 17. Nd2 $18)) 12... d5 (12... Ba6 13. Re1 Rb8 14. Qd1 $14) 13.
Qa4 $1 $146 (13. Bf4 Nd3 14. Bg3 g6 15. Be2 Nc5 16. Qd1 Bf6 17. Nd2 Kg7 18. Nb3
Ne4 $10 {Efimov,I-Giorgadze,G/Tbilisi 1991}) 13... Bd6 (13... Qd7 $142 $5 $14)
(13... Qd6 14. Bf4 $16) 14. Re1 {[/\15.Qf4+ Qf6 16.Qxf6 gxf6 17.Bh6+ Ke7 18.
f4+-]} (14. f4 Bc5+ 15. Kh1 Qf6 16. Re1 Ng6 $13 (16... Nf7 $5 {/\g6, Kg7})) (
14. Na3 Qf6 $11) 14... Bf5 (14... Qf6 $4 15. Qxc6 $18) 15. Na3 $2 (15. Bf4 $142
Qh4 (15... Qf6 16. Bxe5 $1 Bxe5 17. f4 Bd6 (17... Qh4 18. Rxe5 Qxh5 19. Qxc6
$18) 18. Qxc6 $18) 16. Nd2 $1 $16 Be4 $140 17. Nxe4 Qxf4 18. g3 Qf5 19. Nxd6
cxd6 20. f4 $1 Qxh5 21. fxe5 dxe5 22. Qxc6 $18) 15... Qf6 16. Bf4 g6 17. Bxe5
$5 (17. Be2 Kg7 $13) 17... Bxe5 18. Bg4 Bxg4 19. Qxg4 h5 (19... Kg7 $5 20. Qd7+
$140 Kh6) 20. Qh3 Kg7 $11 21. Nc2 Rae8 22. Nb4 Re7 23. Re3 Rhe8 24. Nd3 Bd6 25.
Rae1 c5 26. Rxe7+ Rxe7 27. Rxe7+ Qxe7 28. Qe3 Qxe3 29. fxe3 c4 30. Nf4 c6 31.
Kf2 Kf6 32. Kf3 Kf5 33. g3 a5 34. h3 a4 35. g4+ hxg4+ 36. hxg4+ Kf6 37. a3 g5
38. Ne2 Bc5 39. Ng3 Ke5 40. Nf5 1-0

[Event "Budapest FTC"]
[Site "Budapest"]
[Date "1977.06.28"]
[Round "12"]
[White "Tompa, Janos"]
[Black "Zsinka, Laszlo"]
[Result "1-0"]
[WhiteElo "2410"]
[BlackElo "2420"]
[Annotator "Tompa"]
[PlyCount "55"]
[EventDate "1977.06.15"]
[EventType "tourn"]
[EventRounds "13"]
[EventCountry "HUN"]
[SourceTitle "EXT 2021"]
[Source "ChessBase"]
[SourceDate "2020.10.23"]
[SourceVersion "1"]
[SourceVersionDate "2020.10.23"]
[SourceQuality "1"]

1. e4 e5 2. Nf3 Nc6 3. d4 exd4 4. Nxd4 Bc5 5. Be3 Qf6 6. c3 Nge7 7. g3 d5 8.
Bg2 Nxd4 (8... dxe4 9. Nd2 Bxd4 10. cxd4 O-O 11. Nxe4 Qg6 12. O-O Bf5 13. Nc3
Rad8 14. Qa4 Nc8 $5 15. d5 $6 Ne5 16. Qf4 Rfe8 17. Bd4 $6 Nd3 18. Qxc7 $2 Nd6
$15 {Tompa,J-Lengyel,B,ch-BUD,1977}) 9. cxd4 Bb4+ 10. Nc3 dxe4 11. Qa4+ Nc6 12.
O-O Bxc3 13. bxc3 O-O 14. d5 Ne5 15. Qxe4 Bf5 16. Qf4 $1 $14 Rfe8 $6 (16... Bd3
17. Qxf6 gxf6 18. Rfe1 $14) 17. Bd4 Re7 18. Qe3 $1 Rae8 $2 (18... Bg4 $1 19. f3
Bf5 20. Qf4 $14) 19. Bc5 Bg4 (19... Ng4 20. Bxe7 Nxe3 21. Bxf6 Nxf1 22. Bg5 h6
23. Bc1 Re1 24. Bxf1 Bh3 25. Bb2 $18) 20. Bxe7 Rxe7 21. Qxa7 h5 22. f3 $1 Bf5 (
22... Nxf3+ 23. Rxf3 Bxf3 24. Rf1) (22... Bxf3 23. Rf2 $18) 23. Qd4 Qd6 24.
Rfe1 Nd3 25. Rxe7 Qxe7 26. Bf1 Ne1 27. Qf2 Nc2 28. Rc1 1-0

[Event "Reggio Emilia 53rd"]
[Site "Reggio Emilia"]
[Date "2011.01.05"]
[Round "8"]
[White "Vallejo Pons, Francisco"]
[Black "Onischuk, Alexander"]
[Result "1-0"]
[WhiteElo "2698"]
[BlackElo "2683"]
[Annotator "Vallejo Pons,F"]
[PlyCount "55"]
[EventDate "2010.12.28"]
[EventType "tourn"]
[EventRounds "9"]
[EventCountry "ITA"]
[EventCategory "18"]
[SourceTitle "CBM 140"]
[Source "ChessBase"]
[SourceDate "2011.01.18"]
[SourceVersion "1"]
[SourceVersionDate "2011.01.18"]
[SourceQuality "1"]

1. e4 e5 {Once again 1...e5 appeared on the board, for the third time in the
tournament. In the first round against Godena, I played the Evans Gambit,
later against Navara the Spanish Exchange and in this game we prepared for
another small surprise.} 2. Nf3 Nc6 3. d4 $5 {I guess when people prepare
against me... they can expect almost any opening, but it was some time ago
that I played my last Scotch.} exd4 4. Nxd4 Nf6 {Alex plays both main moves:
Bc5 or Nf6} 5. Nxc6 bxc6 6. e5 Qe7 7. Qe2 Nd5 8. Nd2 $5 {That is not a
"normal" move, and I expected it to have a very surprising effect, but
Onischuk replied quite fast.} Bb7 $5 {"Bad luck" I thought to myself, I was
out of book after being the first to deviate. There were many other options
for Black.} (8... Rb8) (8... Nf4) (8... g6) (8... a5) (8... Qe6) 9. Nf3 Qb4+ (
9... O-O-O $5 10. Bd2 (10. c4)) 10. Qd2 $8 Qe4+ $1 (10... O-O-O $6 11. Be2 $1
d6 $6 (11... Nf4 $2 12. c3) 12. Ng5 $1 (12. c4) (12. O-O)) 11. Be2 Ba6 (11...
Nb4 $5 {was an interesting option, going for a sharp position:} 12. Kd1 c5 (
12... O-O-O 13. a3 Nd5 14. c4 Nb6 15. Ng5 Qg6 16. Bd3 f5)) 12. Kf1 $8 Bxe2+ 13.
Qxe2 Qf5 $6 {I was quite happy when I saw that move on the board. Probably
Alexander wanted to take revenge for his painful loss with a terrible mistake
in the his earlier game against Gashimov, but objectively this move can't be
good.} (13... Qxe2+ 14. Kxe2 d6) (13... f5) 14. c4 (14. Nd4 $5 {That was
another tempting option, also with a pleasant position for White.} Qg6 15. h4
c5 (15... h5) 16. h5 Qb6) 14... Nb4 (14... Nb6 15. Nd4 Qg6 16. h4 h5 17. Bg5
Bc5 18. Nb3 Be7 19. Bxe7 Kxe7) (14... Ne7) 15. Bd2 (15. a3 $1 {is probably
slightly more precise than the game move.} Nd3 16. Nd4 $1 (16. Nh4 Nxc1 17.
Nxf5 Nxe2 18. Kxe2) 16... Qg6 17. h4 Bc5 (17... h5 18. Bg5 (18. Rh3 Nxc1 19.
Rxc1) 18... Bc5 19. Rh3 $1) 18. h5 Nxc1 19. Rxc1 Qg5 20. Rd1 Bxd4 21. Rxd4)
15... Bc5 $5 (15... Nxa2 $2 16. Nd4 Qg6 17. f4 $16) (15... Be7) 16. Bxb4 $1 {
My first intention was to bring the bishop to c3, but there is no time for
that, so I just decided to simplify the position.} Bxb4 17. Rd1 (17. Nd4) 17...
O-O (17... Bc5 $5) 18. Qd3 $1 Qe6 $1 (18... Qxd3+ 19. Rxd3 {is a more pleasant
ending for White although Black can hold it with good play.} d6 $1 (19... Rad8
20. Ke2 (20. a3) 20... Bc5 $1)) 19. Ng5 Qh6 20. h4 $1 {The best way to
coordinate White's pieces.} Rad8 $6 (20... Be7 21. Rh3) (20... Rae8 $1 {
I was much more worried about this move, inmediately attacking my weak e5-pawn
before I have time to coordinate the rook on h1.} 21. a3 Be7 22. Rh3) 21. Rh3 {
The natural way to develop pieces.} (21. g3 $5) 21... d5 $6 {A natural
reaction, but already a mistake.} 22. Qf5 $1 $16 {A beautiful idea: from f5
the queen will attack h7 and f7, and the rook on h3 will try to find better
squares, probably d3 or f3.} Rde8 $1 {The best defence in a difficult position.
} (22... Bc5 23. Rf3 $16) (22... dxc4 $4 23. Rxd8 Rxd8 24. Qxf7+) 23. Rf3 $5 {
I spent around 10 minutes for this move, trying to calculate the main black
options, but that left me with only 13 minutes on the clock. It is a decent
move, and best of all, prepares a very well hidden trap.} (23. cxd5 $1 {
The computer as usual gives us the most precise play possible, but during the
game I wasn't sure about the ideas involving f6!} cxd5 (23... f6 24. exf6 Rxf6
25. Qg4) 24. a3 $1 (24. Rxd5 $2 f6 $1 {and the game becomes very unclear!})
24... Bc5 25. Rxd5 Bb6 $16) 23... Qxh4 $2 {This came as a surprise to me, I
was pretty sure I had calculated the following lines precisely, but you can
never be sure whether you missed something and whether a very strong opponent
will find a hole in your ideas.} (23... dxc4 $3 {A difficult defensive move
which leaves Black worse but not lost!} 24. Nxf7 (24. a3 $5 Be7 25. Nxf7 Qg6 $1
26. Qxg6 hxg6 27. e6 Bf6 $1) (24. Rd4 f6 $1) 24... Qxh4 25. Rh3 g6 26. Rxh4
gxf5 27. Nh6+ Kg7 28. f4 $14) 24. Rh3 Qxc4+ 25. Kg1 g6 26. Qf6 Be7 (26... h5
27. Rxh5 $1 gxh5 28. Qf5 {and there is no escape for the black king, and Qh7
is winning the game.}) 27. Nxh7 $3 {A wonderful idea, one of the most
wonderful I have found lately over the board.} Qg4 28. Qxe7 $3 {When you think
chess is also an art, you can not miss the opportunity to play such a move in
your game. I had this picture in mind when I played Rf3!!} (28. Rdd3 {was
winning as well.}) 1-0